Programación en Ada /
Guardado en:
| Autor Principal: | |
|---|---|
| Formato: | Libro |
| Idioma: | Spanish English |
| Publicado: |
Madrid :
Díaz de Santos,
c1987.
|
| Materias: | |
| Etiquetas: |
Agregar Etiqueta
Sin Etiquetas, Sea el primero en etiquetar este registro!
|
| LEADER | 00680nam a22001815a 4500 | ||
|---|---|---|---|
| 001 | MAT.inmabb004851 | ||
| 008 | 080722s1987####sp############001#0#spa#d | ||
| 005 | 20130409122432.0 | ||
| 245 | 1 | 0 | |a Programación en Ada / |c J. G. P. Barnes ; traducción realizada por Sergio Arévalo Viñuales y Angel Alvarez Rodríguez. |
| 260 | |a Madrid : |b Díaz de Santos, |c c1987. | ||
| 300 | |a 419 p. ; |c 24 cm. | ||
| 500 | |a Traducción de: Programming in Ada. 2nd ed. Addison-Wesley, 1984. | ||
| 020 | |a 8486251524 | ||
| 100 | 1 | |a Barnes, J. G. P. |q (John Gilbert Presslie) | |
| 084 | |a 68N15 |2 msc2000 | ||
| 650 | 0 | |a Ada (Computer program language) | |
| 041 | 1 | |a spa |h eng | |
| 859 | |h 68 |i B261 |p A-6061 |b BIB. MATEMATICA | ||
